Mushrooms in the world. (Record no. 27103)

MARC details
000 -LEADER
fixed length control field 00284nam a2200121Ia 4500
082 ## - DEWEY DECIMAL CLASSIFICATION NUMBER
Classification number 635.82
Item number TRI
245 #0 - TITLE STATEMENT
Title Mushrooms in the world.
260 ## - PUBLICATION, DISTRIBUTION, ETC. (IMPRINT)
Place of publication London
Name of publisher Orbis
Year of publication 1977
650 ## - SUBJECT ADDED ENTRY--TOPICAL TERM
Topical Term Mushrooms
700 ## - ADDED ENTRY--PERSONAL NAME
Personal name TRIBE, Ian
942 ## - ADDED ENTRY ELEMENTS (KOHA)
Koha item type Books
Holdings
Withdrawn status Lost status Damaged status Not for loan Home library Current library Date acquired Full call number Accession Number Koha item type
        RRII Library RRII Library 16/12/2021 635.82 TRI 07733 Books